Radiohead Lyrics - No Hints #2 - Statistics

General Stats
  • This quiz has been taken 93 times
  • The average score is 14 of 37
Answer Stats
Answer % Correct
on
58%
on
58%
on
58%
on
58%
on
58%
on
58%
on
58%
is
54%
is
54%
its
51%
its
51%
its
51%
its
51%
its
51%
its
51%
so
45%
so
45%
here
35%
Everyone
28%
everyone
28%
everyone
28%
everyone
28%
everyone
28%
everyone
28%
around
25%
got
22%
has
22%
near
22%
near
22%
holdin
20%
holdin
20%
holdin
20%
holdin
20%
holdin
20%
holdin
20%
holdin
20%
fear
14%
No matching quizzes found
Score Distribution
Percent of People with Each Score
Percentile by Number Answered
Your Score History
You have not taken this quiz